| 000 | 00533nam a2200169Ia 4500 | ||
|---|---|---|---|
| 003 | IN-BaIIA | ||
| 008 | 211028s9999 xx 000 0 eng d | ||
| 020 | _a81-88661-08-2 | ||
| 040 | _cIIA Library | ||
| 080 |
_a5:92 _bPAR-II |
||
| 100 |
_aParthasarathy, R _928682 |
||
| 245 | 0 |
_aPaths of innovators _bin science, engineering and technology: vol.2 _cR. Parthasarathy |
|
| 260 |
_aChennai _bEast-West Books _c2003 |
||
| 300 | _axxv, 147p. | ||
| 650 | _aScientists- biography | ||
| 942 | _cBK | ||
| 999 |
_c15547 _d15547 |
||